000 00276nam a22000977a 4500
005 20250901165604.0
008 231213b |||||||| |||| 00| 0 eng d
050 _aHM251 .M324 2002
245 _aSOCIOLOGY FOR A2
_cMoore, Stephen
942 _2lcc
_hHM251 .M324 2002
999 _c6329
_d6329